000 00291nam a2200121Ia 4500
008 191201s2010 xx 000 0 und d
100 _aGRADE,RJ
245 0 _aEngineering Fluid Mechanics
260 _aN. delhi
_bNem Chand
_c2010
300 _a732
650 _aB.Tech(CE)
942 _2ddc
_cBK
_02
999 _c5919
_d5919